| 000 | 00581nam#a22002535ar4500 | ||
|---|---|---|---|
| 001 | 245 | ||
| 008 | 060426s1967####ag#a###d|b####||1#|#spa#d | ||
| 245 | 1 | 0 |
_aLa nueva matemática. / _cIrving Adler. |
| 250 | _a3ª ed. | ||
| 260 |
_aBuenos Aires : _bEudeba, _c1967. |
||
| 300 |
_a283 p. : _bil. ; _c10 cm. |
||
| 100 | 1 | _aAdler, Irving. | |
| 080 | _a51 | ||
| 084 | _aA24 | ||
| 653 | _aNúmeros | ||
| 653 | _aSistemas | ||
| 653 | _aFlechas | ||
| 653 | _aMatrices | ||
| 653 | _aRecta | ||
| 040 |
_aAR-ClEAG _cAR-ClEAG |
||
| 005 | 20241107184629.0 | ||
| 003 | AR-ClEAG | ||
| 942 | _cBK | ||
| 999 |
_c245 _d245 |
||
| 980 |
_62 _aEvangelina Gallicchio _82 _gEvangelina Gallicchio |
||